| 000 | 01029nam a2200325Ia 4500 | ||
|---|---|---|---|
| 001 | dia_3519 | ||
| 003 | CHAP | ||
| 005 | 20251027151209.0 | ||
| 008 | 220117s1988 xx 000 0 und d | ||
| 010 | _a173977 | ||
| 020 | _a84-7605-350-9 | ||
| 040 | _cCHAP | ||
| 082 | _a574.192 S36 1988 | ||
| 100 |
_aSchmid, George H. _9103040 |
||
| 245 |
_aQuímica biológica : las bases químicas de la vida / _c George H. Schmid ; traducción Benito Alcaide Alañón...[et al.] |
||
| 260 |
_aMéxico : _b Interamericana :, _b McGraw-Hill, _c1988 |
||
| 300 | _axxii, 800 p. | ||
| 500 | _aTítulo original: The chemical basis of life | ||
| 503 | _aC/e | ||
| 590 | _aQD31.2 S36 1988 | ||
| 650 |
_aBiochemistry _9150448 |
||
| 650 |
_aBioquímica _912849 |
||
| 650 |
_aChemistry _9149016 |
||
| 650 |
_aQuímica _993552 |
||
| 700 |
_aAlcaide Alañón, Benito, tr. _9154811 |
||
| 901 | _a574.192 S36 1988 | ||
| 902 | _aM | ||
| 905 | _a5232271988 mx aimn8222223322spa16 | ||
| 942 |
_cLIBRO _2ddc |
||
| 999 |
_c173977 _d173977 |
||